Catálogo - Centro de Recursos para el Aprendizaje y la Investigación
Volver al Sitio - CRAI Biblioteca| 000 -CABECERA | |
|---|---|
| campo de control de longitud fija | 01873nam a2200265 4500 |
| 001 - NÚMERO DE CONTROL | |
| campo de control | 108493 |
| 003 - IDENTIFICADOR DEL NÚMERO DE CONTROL | |
| campo de control | DR-UNIBE |
| 005 - FECHA Y HORA DE LA ÚLTIMA TRANSACCIÓN | |
| campo de control | 20260211062557.0 |
| 008 - DATOS DE LONGITUD FIJA--INFORMACIÓN GENERAL | |
| campo de control de longitud fija | 250613b2021 en ||||| |||| 00| 0 eng d |
| 020 ## - NÚMERO INTERNACIONAL ESTÁNDAR DEL LIBRO | |
| Número Internacional Estándar del Libro | 9781108838573 |
| 040 ## - FUENTE DE LA CATALOGACIÓN | |
| Centro catalogador/agencia de origen | BIBLIOTECA UNIBE |
| Centro/agencia transcriptor | BIBLIOTECA UNIBE |
| Lengua de catalogación | spa |
| Normas de descripción | rda |
| 041 ## - CÓDIGO DE LENGUA | |
| Código de lengua del texto/banda sonora o título independiente | eng |
| 082 ## - NÚMERO DE LA CLASIFICACIÓN DECIMAL DEWEY | |
| Número de clasificación | 615 S781e 2021 |
| 100 ## - ENTRADA PRINCIPAL--NOMBRE DE PERSONA | |
| Nombre de persona | Stahl, Stephen Michael, |
| Fechas asociadas al nombre | 1951- |
| Término indicativo de función/relación | autor |
| 9 (RLIN) | 144978 |
| 245 ## - MENCIÓN DE TÍTULO | |
| Título | Stahl's essential psychopharmacology : |
| Resto del título | neuroscientific basis and practical applications / |
| Mención de responsabilidad, etc. | Stephen Michel Stahl |
| 250 ## - MENCIÓN DE EDICIÓN | |
| Mención de edición | Quinta edición |
| 260 ## - PUBLICACIÓN, DISTRIBUCIÓN, ETC. | |
| Lugar de publicación, distribución, etc. | Cambridge : |
| Nombre del editor, distribuidor, etc. | Cambridge University Press, |
| Fecha de publicación, distribución, etc. | 2021 |
| 300 ## - DESCRIPCIÓN FÍSICA | |
| Extensión | xiv, 623 páginas : |
| Otras características físicas | ilustraciones |
| 490 ## - MENCIÓN DE SERIE | |
| Mención de serie | Cambridge medicine |
| 505 ## - NOTA DE CONTENIDO CON FORMATO | |
| Nota de contenido con formato | 1. Chemical neurotransmission|<br/> 2. Transporters, receptors and enzymes as targets of psychopharmacological drug action|<br/> 3. Ion channels as targets of psychopharmacological drug action|<br/> 4. Psychosis, schizophrenia and the neurotransmitter networks dopamine, serotonin and glutamate|<br/> 5. Targeting dopamine and serotonin receptors for psychosis, mood and beyond: so-called 'antipsychotics'|<br/> 6. Mood disorders and the neurotransmitter networks norepinephrine and gamma amino butyric acid (gaba)|<br/> 7. Treatments for mood disorders: so-called 'antidepressants' and 'mood stabilizers'|<br/> 8. Anxiety, trauma and treatment|<br/> 9. Chronic pain and its treatment|<br/> 10. Disorders of sleep and wakefulness and their treatment: neurotransmitter networks for histamine and orexin|<br/> 11. Attention deficit hyperactivity disorder and its treatment|<br/> 12. Dementia: causes, symptomatic treatments and the neurotransmitter network acetylcholine|<br/> 13. Impulsivity, compulsivity and addiction |<br/> |
| 650 #7 - PUNTO DE ACCESO ADICIONAL DE MATERIA--TÉRMINO DE MATERIA | |
| Término de materia o nombre geográfico como elemento de entrada | Psicofarmacología |
| Fuente del encabezamiento o término | lemb |
| 700 ## - PUNTO DE ACCESO ADICIONAL--NOMBRE DE PERSONA | |
| 9 (RLIN) | 144979 |
| Nombre de persona | Grady, Meghan M. |
| Término indicativo de función/relación | editor asistente |
| 700 ## - PUNTO DE ACCESO ADICIONAL--NOMBRE DE PERSONA | |
| Nombre de persona | Muntner, Nancy |
| Término indicativo de función/relación | ilustrador |
| 9 (RLIN) | 144980 |
| 942 ## - ELEMENTOS DE PUNTO DE ACCESO ADICIONAL (KOHA) | |
| Fuente del sistema de clasificación o colocación | Sistema de Clasificación Decimal Dewey |
| Tipo de ítem Koha | Libro (general) |
| Estado de retiro | Estado de pérdida | Fuente del sistema de clasificación o colocación | No para préstamo | Código de colección | Localización permanente | Ubicación en estantería | Fecha de adquisición | Total de préstamos | Renovaciones totales | Signatura topográfica completa | Código de barras | Fecha visto por última vez | Fecha del último préstamo | Número de copia | Precio válido a partir de | Tipo de ítem Koha |
|---|---|---|---|---|---|---|---|---|---|---|---|---|---|---|---|---|
| Disponible | Sistema de Clasificación Decimal Dewey | Reserva | Biblioteca Central UNIBE | Área de exhibición | 13/06/2025 | 2 | 2 | 615 S781e 2021 | 250710 | 29/09/2025 | 29/09/2025 | Ej. 1 | 13/06/2025 | Libro (reserva) |